| 000 | 00369nam a2200133Ia 4500 | ||
|---|---|---|---|
| 001 | 38 | ||
| 008 | 241024s9999 xx 000 0 und d | ||
| 082 | _a[*SIN CLASIFICACION*] | ||
| 100 | _a[*SIN AUTOR*] | ||
| 245 | 0 | _a[*SIN TITULO*] | |
| 260 | _bAcademia Dominicana de la Lengua¦310Trimestral¦546Texto en español################ | ||
| 901 | _a9/12/16 | ||
| 999 |
_c12475 _d12475 |
||